Theatre

Bewaard in:
Bibliografische gegevens
Hoofdauteur: Cohen, Robert 1938-
Andere auteurs: 1963- 1945- 1955-
Formaat: Boek
Taal:English
Gepubliceerd in: New York, NY McGraw-Hill 2010
Editie:9th ed.
Onderwerpen:
Tags: Voeg label toe
Geen labels, Wees de eerste die dit record labelt!
Thư viện lưu trữ: Mạng thư viện Đại học Đà Nẵng
LEADER 00929nam a2200313 4500
001 000023492
003 19944
005 20151214111212.0
008 151214s2010 engsd
020 |a 9780073382180 (alk. paper)  |a 0073382183 (mhid : alk. paper) 
041 0 |a eng 
082 1 4 |a 792  |b CO-R 
100 1 |a Cohen, Robert  |d 1938- 
245 1 0 |a Theatre  |c Robert Cohen 
250 |a 9th ed. 
260 |a New York, NY  |b McGraw-Hill  |c 2010 
300 |a 1 v. (various pagings)  |b col. ill.  |c 26 cm. 
504 |a Includes bibliographical references (p. B-1-B-4) and index. 
650 0 |a Theater 
653 |a Sân khấu 
700 1 |d 1963-  |d 1945-  |d 1955-  |q Erminio Peter  |q Pamela A.  |t Understanding evolution 
OWN |a LSP 
999 |a From the UDN01 
TYP |a Monograph 
TYP |a Printed language 
980 |a Mạng thư viện Đại học Đà Nẵng